Genetics: (Record no. 3795)

MARC details
000 -LEADER
fixed length control field 00548nam a22002057a 4500
003 - CONTROL NUMBER IDENTIFIER
control field OSt
005 - DATE AND TIME OF LATEST TRANSACTION
control field 20210125154705.0
008 - FIXED-LENGTH DATA ELEMENTS--GENERAL INFORMATION
fixed length control field 160426b xxu||||| |||| 00| 0 eng d
020 ## - INTERNATIONAL STANDARD BOOK NUMBER
International Standard Book Number 0748743707; 9780748743704
040 ## - CATALOGING SOURCE
Transcribing agency DDC.
082 ## - DEWEY DECIMAL CLASSIFICATION NUMBER
Classification number 575.1BRD 1998.
100 ## - MAIN ENTRY--PERSONAL NAME
Personal name Brown T.A;
9 (RLIN) 8339
245 ## - TITLE STATEMENT
Title Genetics:
Remainder of title A molecular Approach.
250 ## - EDITION STATEMENT
Edition statement 3rd ed
260 ## - PUBLICATION, DISTRIBUTION, ETC. (IMPRINT)
Place of publication, distribution, etc. London:
Name of publisher, distributor, etc. Chapman and Hall,
Date of publication, distribution, etc. 1998.
300 ## - PHYSICAL DESCRIPTION
Extent xiii,469p;
Other physical details col,ill;
Dimensions 26cm.
504 ## - BIBLIOGRAPHY, ETC. NOTE
Bibliography, etc includes index and Glossary.
650 ## - SUBJECT ADDED ENTRY--TOPICAL TERM
Topical term or geographic name as entry element Biology.
9 (RLIN) 5602
942 ## - ADDED ENTRY ELEMENTS (KOHA)
Source of classification or shelving scheme Dewey Decimal Classification
Koha item type Short Loan
Holdings
Withdrawn status Lost status Source of classification or shelving scheme Damaged status Not for loan Home library Current library Date acquired Source of acquisition Inventory number Total Checkouts Full call number Barcode Date last seen Koha item type Price effective from
    Dewey Decimal Classification     MUST Main Library MUST Main Library 26/04/2016 Purchase 01/15453   575.1BRD 1998. 2016-1433 26/04/2016 Short Loan  
    Dewey Decimal Classification     MUST Main Library MUST Main Library 26/04/2016 Purchase 01/14907   575.1BRD 1998. 2016-1434 26/04/2016 Short Loan  
    Dewey Decimal Classification     MUST Main Library MUST Main Library 25/01/2021 Purchase 01/15452   575.1BRD 1998. 2021-0003 25/01/2021 Open Shelf  
    Dewey Decimal Classification     MUST Main Library MUST Main Library 04/06/2021 Donation 2001/15454   575.1BRD 1998. 2021-0667 04/06/2021 Open Shelf 04/06/2021